000 00626nam a2200193 a 4500
005 20210219153142.0
008 991125n 000 0 u
035 _aUPN01000080598
222 _aEDUCACION :
_bREVISTA DEL CONSEJO NACIONAL TECNICO DE LA EDUCACION
245 _aGrupo Especializado de Consulta sobre la Normatividad Jurídico-Pedagógica: Comisión de Legislación Educativa
300 _a103-104
362 _a1987-1988 5a época, vol. 9, no. 44 dic.-feb.
653 0 _aCNTE
653 0 _aDERECHO
653 0 _aEDUCACION
653 0 _aLEGISLACION EDUCATIVA
904 _aAC
_b018409
905 _aArticulo
999 _c69596
_d69596